Normal view MARC view
  • McGraw-Hill Series in management

Entry Uniform Title

Number of records used in: 7

001 - CONTROL NUMBER

  • control field: 2006

003 - CONTROL NUMBER IDENTIFIER

  • control field: NUST

005 - DATE AND TIME OF LATEST TRANSACTION

  • control field: 20170606113326.0

008 - FIXED-LENGTH DATA ELEMENTS

  • fixed length control field: 170606|| aca||aabn | a|a d

040 ## - CATALOGING SOURCE

  • Original cataloging agency: NUST
  • Transcribing agency: NUST

130 ## - HEADING--UNIFORM TITLE

  • Uniform title: McGraw-Hill Series in management

670 ## - SOURCE DATA FOUND

  • Source citation: Work cat.: (NUST)23665: Harold Koontz,Heinz Weihrich 2005, Essentials of management, c1990
© 2023 Central Library, National University of Sciences and Technology. All Rights Reserved.